| 000 | 00921nam a2200289 i 4500 | ||
|---|---|---|---|
| 001 | 000017270 | ||
| 003 | DO-SdBNP | ||
| 005 | 20260321073640.0 | ||
| 007 | ta | ||
| 008 | 100322s1976 dr 000 j spa d | ||
| 040 |
_aDO-SdBNP _bspa _cBNPHU _erda |
||
| 082 | 4 |
_aRD863.44 _bB742m, 1976 _222 |
|
| 100 | 1 |
_a Bosch, Juan, _d1909-2001 _eautor _4aut. _976555 |
|
| 245 | 1 | 0 |
_aMás cuentos escritos en el exilio / _cJuan Bosch. |
| 250 | _aEdición especial | ||
| 264 | 1 |
_aSanto Domingo : _bEditora Amigo del Hogar, _c1976. |
|
| 300 |
_a335 páginas ; _c19 cm. |
||
| 336 |
_atexto _btxt _2rdacontent |
||
| 337 |
_asin mediación _bn _2rdamedia |
||
| 338 |
_avolumen _bnc _2rdacarrier |
||
| 500 | _aEdición Especial Santo Domingo, 1976 | ||
| 590 | _aInventariado, 2020 / DG | ||
| 650 | 4 |
_aCuentos dominicanos _9176 |
|
| 650 | 4 |
_aLiteratura dominicana. _967 |
|
| 910 | _aValidado. Control de calidad MFF | ||
| 942 |
_2ddc _cLBS1 |
||
| 999 |
_c16795 _d16795 |
||